Normal view
MARC view
- Padamsee A
Entry Personal Name
001 - CONTROL NUMBER
- control field: 216013
003 - CONTROL NUMBER IDENTIFIER
- control field: OSt
005 - DATE AND TIME OF LATEST TRANSACTION
- control field: 20251223131553.0
008 - FIXED-LENGTH DATA ELEMENTS
- fixed length control field: 251223|| aca||aabn | a|a d
040 ## - CATALOGING SOURCE
- Original cataloging agency: OSt
- Transcribing agency: OSt
100 ## - HEADING--PERSONAL NAME
- Personal name: Padamsee A
670 ## - SOURCE DATA FOUND
- Source citation: Work cat.: (OSt)369548: Padamsee A , Let me hijack your mind, 2022